000 00716nam a2200205 a 4500
003 0
005 20250305105112.0
008 090706s19uu xx 00 eng d
050 _aPGS LB 3060.33.T45
_b.H772 2009
100 _aHong, Suk Ho.
245 _aTest anxiety level of selected ILC students /
_cSuk Ho Hong.
260 _aLas PiƱas City, Philippines :
_bSouthville International School and Colleges,
_c2009.
300 _a27 pages :
_billustrations ;
_c28 cm.
504 _aIncludes bibliographical references.
650 _aTest anxiety in children.
650 _aExaminations
_vPsychological aspects.
650 _aStudents
_vPsychology.
650 _aAnxiety in children.
942 _2lcc
_cPASS
999 _c98211
_d98211